Responses for Show #4300 - Friday, April 18, 2003

Contestants

[<< previous game]

Jonathan Feuerman, an attorney from Miami, Florida

Pat Crawley, a senior law enforcement support technician from Las Vegas, Nevada

Gerry Waggett, a writer from Dorchester, Massachusetts (whose 1-day cash winnings total $23,600)

[next game >>]

Jeopardy! Round responses

POET-POURRI
"ULTRA", MAN
CAR TUNES
TRAVEL & TOURISM
GLOBAL WORMING
SOMETIME, B.C.
    $200 18
Emily Dickinson

Gerry
    $200 9
ultrasound

Pat
    $200 1
55

Gerry
    $200 6
Space Needle

Pat
    $200 16
earthworm

Jonathan
    $200 23
David

Gerry
    $400 19
1939

Triple Stumper
    $400 11
ultraviolet rays

Jonathan
    $400 2
"Little Red Corvette"

Jonathan
    $400 7
La Scala

Pat
    $400 17
leech

Gerry
    $400 24
earthquake

Jonathan
    $600 20
shepherding

Gerry
    $600 13
ultra high frequency

Jonathan
    $600 3
"Little Deuce Coupe"

Jonathan
    $600 8
Egypt

Gerry
    $600 25
(Alex: Less than a minute now.)

Pompeii

Jonathan
    $600 27
Carthage

Gerry
    $800 21
Muses

Gerry
    $800 14
(Pat: What is ultraviolet?)

ultramarine

PatJonathan
    $800 4
LaSalle

Gerry
    $800 10
Las Vegas Boulevard

Gerry
    $800 30
trichinosis

Jonathan
    $800 28
the Iceman

Triple Stumper
    $1,600 22
Ogden Nash

Gerry
    $1000 15
ultralight

Jonathan
    $1000 5
"Car Wash"

Jonathan
    $1000 12
caber

Pat
    $1000 26
the White Worm

Gerry
    $1000 29
Phoenicians

Triple Stumper

Scores at the first commercial break (after clue 15):

Gerry Pat Jonathan
$2,400 $1,000 $4,800

Scores at the end of the Jeopardy! Round:

Gerry Pat Jonathan
$7,800 $1,000 $6,800

Double Jeopardy! Round responses

REGIONAL THEATRE
FIRST NAMES
SHADES OF GREEN
PARLEZ-VOUS FRANC"A"?
YESTERDAY'S NEWSPAPERS
SOMEWHERE, B.C.
    $400 12
Chicago

Gerry
    $400 1
Randolph

Pat
    $400 6
Kelly

Gerry
    $400 11
amour

Triple Stumper
    $400 17
The Washington Star

Jonathan
    $400 26
Vancouver

Jonathan
    $800 13
(Jonathan: What is Quadrophenia?)

Tommy

GerryJonathan
    $800 2
Ashley

Jonathan
    $800 7
lime

Gerry
    $800 22
apres

Gerry
    $800 18
evening

Jonathan
    $800 27
apples

Pat
    $1200 14
(Jonathan: What is California Story?)

California Suite

GerryJonathan
    $1,400 3
(Jonathan: What is Klaus?)

Nicholas

Jonathan
    $1200 8
emerald

Pat
    $1200 23
accent aigu

Triple Stumper
    $1200 19
The New York Sun

Jonathan
    $1200 28
Rockies

Triple Stumper
    $1600 15
Barbra Streisand

Triple Stumper
    $1600 4
(Gerry: What is Margaret... Margarita?)

Margarita

Gerry
    $1600 9
Nile

Jonathan
    $1600 24
(Jonathan: What are arrondrossements?)
...
(Alex: We have less than a minute to go.)

arrondissements

Jonathan
Triple Stumper
    $1600 20
the St. Louis Dispatch

Jonathan
    $2,000 29
[The end-of-round signal sounds.]

Victoria

Pat
    $2000 16
August Wilson

Triple Stumper
    $2000 5
Clara Peller

Pat
    $2000 10
moss

Pat
    $2000 25
au courant

Jonathan
    $2000 21
the Intelligencer

Triple Stumper

Scores at the end of the Double Jeopardy! Round:

Gerry Pat Jonathan
$13,800 $9,400 $10,600

[wagering suggestions for these scores]

Final Jeopardy! Round responses

ORGANIZATIONS
(Alex: We've had some big wins this week!)
PatWhat is The Sierra Club?
$9,000
JonathanWhat is the girl scouts?
$8,600
GerryWhat is the Sierra Club?
$7,500
Sierra Club

Final scores:

Gerry Pat Jonathan
$21,300 $18,400 $2,000
2-day champion: $44,900 2nd place: $2,000 3rd place: $1,000

Game dynamics:

Coryat scores:

Gerry Pat Jonathan
$13,200 $9,000 $12,000
19 R
(including 1 DD),
0 W
10 R
(including 1 DD),
1 W
19 R,
4 W
(including 1 DD)

Combined Coryat: $34,200

[game clues] [game scores] [suggest correction]

Game tape date: 2003-01-28
The J! Archive is created by fans, for fans. Scraping, republication, monetization, and malicious use prohibited; this site may use cookies and collect identifying information. See terms. The Jeopardy! game show and all elements thereof, including but not limited to copyright and trademark thereto, are the property of Jeopardy Productions, Inc. and are protected under law. This website is not affiliated with, sponsored by, or operated by Jeopardy Productions, Inc. Join the discussion at JBoard.tv.